00293nam a2200097Ia 4500001000400000008004100004082001900045100001800064245008900082260002400171677241024s9999 xx 000 0 und d aRD/305.2/P969h a[*SIN AUTOR*] 0aProyecto Mujer, Juventud y Salud, Hacia una política integral de desarrollo social bEd. Publiguiac2009